Lyrics to 'The Roads' by Jonah Kagen - Statistics

General Stats
  • This quiz has been taken 5 times
  • The average score is 232 of 239
Answer Stats
Answer % Correct
a
100%
all
100%
And
100%
and
100%
are
100%
ask
100%
back
100%
barely
100%
be
100%
been
100%
blisters
100%
brain
100%
burned
100%
But
100%
calmly
100%
can
100%
changing
100%
chose
100%
comes
100%
day
100%
do
100%
done
100%
don't
100%
drain
100%
face"
100%
feet
100%
friend
100%
from
100%
God
100%
got
100%
her
100%
honey
100%
I
100%
"I
100%
ignored
100%
important
100%
in
100%
into
100%
it
100%
I've
100%
just
100%
know
100%
lead
100%
left"
100%
let
100%
like
100%
look
100%
love
100%
me
100%
message
100%
My
100%
my
100%
never
100%
No
100%
Now
100%
Oh
100%
on
100%
plug
100%
quick
100%
quiet
100%
ran
100%
recognize
100%
right
100%
roads
100%
Said
100%
same
100%
shoes
100%
should
100%
showed
100%
since
100%
skin
100%
still
100%
stop
100%
swore
100%
that
100%
the
100%
These
100%
they
100%
those
100%
through
100%
to
100%
wait
100%
we
100%
we'd
100%
went
100%
when
100%
where
100%
words
100%
you
100%
You
100%
you'd
100%
"You've
100%
away
75%
Cause
75%
fades
75%
had
75%
I'll
75%
lost
75%
met
75%
of
75%
pain
75%
part
75%
say
75%
So
75%
There's
75%
wish
75%
you're
75%
quietly
50%
slow
50%
then
50%
with
50%
No matching quizzes found
Score Distribution
Percent of People with Each Score
Percentile by Number Answered
Your Score History
You have not taken this quiz